000 00588nam a2200229Ia 4500
003 GCL
008 140319s9999 xx 000 0 eng d
040 _aGCL /
_cGCL
082 0 4 _a616.01
_bD A
100 1 _aJEWSBURY, J.M.
245 1 0 _aA NEW SHORT TEXTBOOK OF : MICROBIAL AND PARASITIC INFECTION /
_cJEWSBURY, J.M.
700 1 _aDUERDEN, B.I.
700 1 _aREID, T.M.S.
700 1 _aTURK, D.C.
260 _a[S.N] :
_bELBS ،
_c1990
300 _a419 P
650 0 4 _aPARASITOLOGY
650 0 4 _aMICROBIOLOGY
650 0 4 _aBACTERIOLOGY
650 0 4 _aFUNGI
942 _2ddc
_cBK
999 _c20327
_d20327